Statistics for Topological Map of the USA Quiz

Click here to take the quiz!

General Stats

  • This quiz has been taken 820 times
    (798 since last reset)
  • The average score is 34 of 48

Answers on the Map

Answers color-coded by a green-red scale on the quiz's map according to % correct below.
Loading ...
 

Answer Stats

Answer% Correct
Maine
92%
Vermont
85%
New York
82%
California
80%
New Hampshire
80%
Washington
79%
Connecticut
78%
Oregon
78%
Pennsylvania
78%
Rhode Island
76%
Massachusetts
76%
New Jersey
75%
Arizona
74%
Nevada
74%
Florida
74%
Texas
74%
Idaho
72%
Maryland
72%
Virginia
72%
Alabama
72%
New Mexico
72%
Louisiana
71%
Mississippi
71%
South Dakota
70%
Montana
70%
North Dakota
69%
North Carolina
69%
Utah
69%
Delaware
68%
Georgia
68%
Wyoming
67%
Colorado
67%
Michigan
66%
Illinois
66%
Oklahoma
66%
Kentucky
66%
Ohio
66%
Minnesota
65%
Kansas
64%
Tennessee
64%
South Carolina
64%
Indiana
63%
Missouri
62%
Arkansas
61%
West Virginia
61%
Nebraska
60%
Wisconsin
58%
Iowa
52%

Score Distribution

Percentile by Number Answered

Percent of People with Each Score

Your Score History

You have not taken this quiz since the last reset